000 00587nam a2200193 a 4500
001 000031981
005 20200930063330.0
008 110707s1930 dr 000 0 spa d
040 _aDO-SdBNP
_bspa
_cBNPHU
082 _axxxx
_bE36b
100 1 _aEkman, E. L.
_q(Erik L. Ekman)
_d1883-1931
_958142
245 1 0 _aEn busca del Monte Tina /
_cE. L. Ekman.
260 _aSanto Domingo :
_bJ. R. Vda. García,
_c1930.
300 _a17 p. ;
_c23 cm.
490 1 _aBotánica
_v15
590 _aInventariado, 2018/ YL
500 _aEstación agronomica de Moca.
830 0 _aBotánica
_n15
_958143
999 _c31472
_d31472